| 000 | 00425nam a2200157Ia 4500 | ||
|---|---|---|---|
| 008 | 180921t1975 xxu||||| |||| 00| 0 eng d | ||
| 041 | _aeng | ||
| 080 |
_a616.995.:593.1 _bJEF |
||
| 100 | _aJeffrey, H.C. | ||
| 245 | _aAtlas of medical helminthology and protozoolo | ||
| 260 |
_bChurchill livingstone _c1975 |
||
| 300 | _a121p., ill.,pl., 30 cm | ||
| 942 | _cBK | ||
| 999 |
_c17029 _d17029 |
||
| 003 | LK-CoDNM | ||
| 040 |
_aLK-CoDNM _dLK-CoDNM _eLK-CoDNM |
||